000 00788nam a2200205 i 4500
001 82743
003 ES-MaACL
005 20240527195142.0
007 t|
008 041111s1954 sp ||||1| spa d
100 1 _aIdoate, Florencio.
_965049
245 1 4 _aLas fortificaciones de Pamplona a partir de la conquistas de Navarra /
_cF. Idoate.
260 _aPamplona :
_bDiputación Foral de Navarra, Institución Príncipe de Viana,
_c1954.
300 _a100 h., 25 lám. ;
_c27 cm.
500 _aEs separata de: Revista Príncipe de Viana. Año XV (1954) Nos LIV y LV. P. 57-154.
710 1 _aNavarra (Comunidad Autónoma).
_bDiputación Foral.
_95984
710 2 _aInstitución Príncipe de Viana
_94730
852 _aES-MaACL
_jC-9179
_bR.36865
999 _c82743
_d82743